000 00282nam a2200109Ia 4500
008 200302s9999 xx 000 0 und d
100 _aAndrew J. Briggs
245 _aWarehouse Operations Planning and Management
260 _bJohn Wiley & Sons Inc.
260 _c1960
300 _a299 P.,
999 _c446
_d446